000 00203 a2200097 4500
001 41131
100 _aGreen W
245 _aRocket Fighter
260 _aBallan
_bTime books In
_c
090 _c25357
_d25357
942 _aNUST-CAE
_cM
_c17066
999 _c276204
_d276204